| 000 | 00000nam##2200000za#4500 |
| 001 | 9.689530 |
| 003 | CaOODSP |
| 005 | 20220901140046 |
| 007 | cr ||||||||||| |
| 008 | 150407|2004||||xxc|||||o f|0| 0 eng|d |
| 040 | |aCaOODSP|beng |
| 043 | |an-cn--- |
| 086 | 1 |aJ2-248/2004E-PDF |
| 110 | 1 |aCanada.|bJustice Canada. |
| 245 | 14|aThe evolution of juvenile justice in Canada / |h[electronic resource]|cThe International Cooperation Group. |
| 260 | |aOttawa - Ontario : |bJustice Canada |c2004. |
| 300 | |a38p. |
| 504 | |aBibliography. |
| 590 | |a07-04-Supp|b2007-06-29 |
| 690 | 07|aCriminal justice|2gcpds |
| 690 | 07|aYoung offenders|2gcpds |
| 775 | 08|tL'évolution de la justice des mineurs au Canada / |w(CaOODSP)9.633932 |
| 856 | 40|ahttp://publications.gc.ca|qPDF|s320 KB|uhttps://publications.gc.ca/collections/Collection/J2-248-2004E.pdf |